|
|
|
|
| LEADER |
02673nam a2200613 4500 |
| 001 |
ocn828928357 |
| 003 |
OCoLC |
| 005 |
20170124070155.4 |
| 006 |
m o d |
| 007 |
cr cnu---unuuu |
| 008 |
130305s2013 enk ob 001 0 eng d |
| 010 |
|
|
|z 2012044640
|
| 040 |
|
|
|a N$T
|b eng
|e pn
|c N$T
|d E7B
|d IDEBK
|d YDXCP
|d DG1
|d CDX
|d OCLCF
|d OCLCQ
|d UKDOC
|d NLGGC
|d OCLCQ
|d COO
|d OCLCQ
|d DEBBG
|d D6H
|d AZK
|d GrThAP
|
| 019 |
|
|
|a 961656693
|a 962651096
|
| 020 |
|
|
|a 9781118275986
|q (electronic bk.)
|
| 020 |
|
|
|a 1118275985
|q (electronic bk.)
|
| 020 |
|
|
|a 9781118782965
|q (electronic bk.)
|
| 020 |
|
|
|a 1118782968
|q (electronic bk.)
|
| 020 |
|
|
|z 9781118275993
|
| 020 |
|
|
|z 1118275993
|
| 029 |
1 |
|
|a AU@
|b 000052006823
|
| 029 |
1 |
|
|a DEBBG
|b BV041049828
|
| 029 |
1 |
|
|a DEBBG
|b BV041909880
|
| 029 |
1 |
|
|a DKDLA
|b 820120-katalog:000653841
|
| 029 |
1 |
|
|a NZ1
|b 15341865
|
| 029 |
1 |
|
|a DEBBG
|b BV043395561
|
| 035 |
|
|
|a (OCoLC)828928357
|z (OCoLC)961656693
|z (OCoLC)962651096
|
| 050 |
|
4 |
|a RK667.I45
|
| 060 |
|
4 |
|a WU 400
|
| 072 |
|
7 |
|a MED
|x 016070
|2 bisacsh
|
| 082 |
0 |
4 |
|a 617.6/93
|2 23
|
| 049 |
|
|
|a MAIN
|
| 100 |
1 |
|
|a Cousley, Richard R. J.
|
| 245 |
1 |
4 |
|a The orthodontic mini-implant clinical handbook /
|c Richard R.J. Cousley.
|
| 264 |
|
1 |
|a Chichester, West Sussex :
|b John Wiley & Sons Ltd,
|c 2013.
|
| 300 |
|
|
|a 1 online resource
|
| 336 |
|
|
|a text
|b txt
|2 rdacontent
|
| 337 |
|
|
|a computer
|b c
|2 rdamedia
|
| 338 |
|
|
|a online resource
|b cr
|2 rdacarrier
|
| 504 |
|
|
|a Includes bibliographical references and index.
|
| 505 |
0 |
|
|a Mini-implant principles and potential complications -- Maximising mini-implant success : clinical factors -- Maximising mini-implant success : design factors -- Introducing mini-implants to your clinical practice -- Planning and insertion techniques -- Incisor retraction -- Molar distalisation -- Molar protraction -- Intrusion and anterior openbite treatments -- Transverse and asymmetry corrections -- Orthognathic surgical uses.
|
| 588 |
0 |
|
|a Print version record.
|
| 650 |
|
0 |
|a Dental implants.
|
| 650 |
|
7 |
|a MEDICAL
|x Dentistry
|x Prosthodontics.
|2 bisacsh
|
| 650 |
|
7 |
|a Dental implants.
|2 fast
|0 (OCoLC)fst00890486
|
| 650 |
|
2 |
|a Orthodontic Anchorage Procedures.
|
| 650 |
|
2 |
|a Dental Implantation.
|
| 650 |
|
2 |
|a Dental Implants.
|
| 650 |
|
2 |
|a Miniaturization.
|
| 655 |
|
4 |
|a Electronic books.
|
| 655 |
|
7 |
|a Electronic books.
|2 local
|
| 776 |
0 |
8 |
|i Print version:
|a Cousley, Richard R.J.
|t Orthodontic mini-implant clinical handbook.
|d Chichester, West Sussex : John Wiley & Sons Ltd, 2013
|z 9781118275993
|w (DLC) 2012044640
|w (OCoLC)817736824
|
| 856 |
4 |
0 |
|u https://doi.org/10.1002/9781118782965
|z Full Text via HEAL-Link
|
| 994 |
|
|
|a 92
|b DG1
|